| 000 -LEADER | |
|---|---|
| fixed length control field | 00490nam a22001817a 4500 |
| 005 - DATE AND TIME OF LATEST TRANSACTION | |
| control field | 20230111095003.0 |
| 008 - FIXED-LENGTH DATA ELEMENTS--GENERAL INFORMATION | |
| fixed length control field | 221220b |||||||| |||| 00| 0 eng d |
| 020 ## - INTERNATIONAL STANDARD BOOK NUMBER | |
| ISBN | 978-81-8473-560-0 |
| 041 ## - LANGUAGE CODE | |
| Language code of text/sound track or separate title | eng |
| 082 ## - DEWEY DECIMAL CLASSIFICATION NUMBER | |
| Classification number | 615.42 TUR- S |
| 100 ## - MAIN ENTRY--AUTHOR NAME | |
| Personal name | TURCO , SALVATORE J. |
| 245 ## - TITLE STATEMENT | |
| Title | STERILE DOSAGE FORMS :THEIR PREPARATION AND CLINICL APPLICATION ,4/E |
| 250 ## - EDITION STATEMENT | |
| Edition statement | 4th ed. |
| 260 ## - PUBLICATION, DISTRIBUTION, ETC. (IMPRINT) | |
| Name of publisher | WOLTERS KLUWER |
| 300 ## - PHYSICAL DESCRIPTION | |
| Number of Pages | 521;P. |
| 650 ## - SUBJECT ADDED ENTRY--TOPICAL TERM | |
| Topical Term | PHARMACY |
| General subdivision | B.PHARMA |
| 942 ## - ADDED ENTRY ELEMENTS (KOHA) | |
| Koha item type | Books |
| Lost status | Damaged status | Collection code | Home library | Current library | Shelving location | Date acquired | Source of acquisition | Cost, normal purchase price | Full call number | Accession Number | Koha item type |
|---|---|---|---|---|---|---|---|---|---|---|---|
| PHARMACY | JRU Library | JRU Library | SHELF-19-F | 16/12/2022 | LOHIA BOOK INTERNATIONAL | 2250.00 | 615.42-TUR- S | 27165 | Books |